000 00747nam a2200253Ia 4500
003 OSt
005 20220926013348.0
006 a|||||r|||| 00| 0
007 ta
008 220923b |||||||| |||| 00| 0 eng d
037 _cGeneral Book
040 _aRTL
_cRTL
_beng
041 _2eng
_aeng
082 _aW, L0
100 _aKessel John H
_9318144
245 0 _aMicropolitics
_b Individual and group level concepts
260 _aNew York
_bHolt Rinehart and Winston
_c1970
300 _axii, 643p
_ccm.
650 _aPolitical Science
700 _a Cole George.F
_9318145
700 _a Seddig Robert.G
_9318146
942 _hW, L0
_cGB
_2CC
999 _c625781
_d625781